Divadlo a utopie : polské divadelní studio Reduta jako příklad modernistické utopie /

Main Author: Jiřík, Jan, 1977-
Corporate Author: Akademie múzických umění v Praze
Language: Czech
Published: V Praze : NAMU, 2017
Edition: Vydání první
Series: Black-box
Subjects:
Physical Description: 152 stran ; 21 cm
Language note: Anglické resumé
Book
Saved in:
LEADER 02507nam a2200673 i 4500
001 nkc20182997650
003 CZ PrNK
005 20180628070319.0
007 ta
008 180522s2017 xr f 001 0 cze
015 |a cnb002997650 
020 |a 978-80-7331-464-4  |q (brožováno) 
035 |a (OCoLC)1043899381 
040 |a ABA001  |b cze  |e rda 
041 0 |a cze  |b eng 
043 |a e-pl--- 
045 |a x-x- 
072 7 |a 792  |x Divadlo. Divadelní představení  |2 Konspekt  |9 3 
080 |a 792.05  |2 MRF 
080 |a 7.036/.038  |2 MRF 
080 |a 792:316.72/.75  |2 MRF 
080 |a 792(091)  |2 MRF 
080 |a (438)  |2 MRF 
080 |a (048.8)  |2 MRF 
100 1 |a Jiřík, Jan,  |d 1977-  |7 ola2010548247  |4 aut 
245 1 0 |a Divadlo a utopie :  |b polské divadelní studio Reduta jako příklad modernistické utopie /  |c Jan Jiřík 
246 3 |a Reduta jako příklad modernistické utopie 
246 3 0 |a Polské divadelní studio Reduta jako příklad modernistické utopie 
250 |a Vydání první 
264 1 |a V Praze :  |b NAMU,  |c 2017 
300 |a 152 stran ;  |c 21 cm 
336 |a text  |b txt  |2 rdacontent 
337 |a bez média  |b n  |2 rdamedia 
338 |a svazek  |b nc  |2 rdacarrier 
490 1 |a Black-box ;  |v 03 
504 |a Obsahuje bibliografii, bibliografické odkazy a rejstřík 
546 |a Anglické resumé 
550 |a Vydavatel: Akademie múzických umění v Praze 
610 2 7 |a Reduta (divadelní společnost)  |7 mzk2018997187  |2 czenas 
648 7 |a 20. století  |7 ch460558  |2 czenas 
650 0 7 |a divadla  |7 ph119512  |z Polsko  |y 20. století  |2 czenas 
650 0 7 |a modernismus (umění)  |7 ph122936  |z Polsko  |2 czenas 
650 0 7 |a divadlo a společnost  |7 ph206858  |z Polsko  |y 20. století  |2 czenas 
650 0 7 |a dějiny divadla  |7 ph483972  |z Polsko  |y 20. století  |2 czenas 
650 0 9 |a theaters  |z Poland  |y 20th century  |2 eczenas 
650 0 9 |a modernism (art)  |z Poland  |2 eczenas 
650 0 9 |a theater and society  |z Poland  |y 20th century  |2 eczenas 
650 0 9 |a history of theater  |z Poland  |y 20th century  |2 eczenas 
653 0 |a reformní divadlo 
655 7 |a studie  |7 fd133597  |2 czenas 
655 9 |a studies  |2 eczenas 
710 2 |a Akademie múzických umění v Praze  |7 kn20010709005  |4 isb 
830 0 |a Black-box  |0 s 
910 2 |a BOA001  |b 2-1408.457 
928 9 |a Nakladatelství Akademie múzických umění 
990 |a BK 
995 |a 01 
991 |b 201806  |c NOV 
996 6 |b 2610746230  |c 2-1408.457  |l MZK  |r Sklad / do 1 hodiny  |n 3  |p p.v.  |w 001669263  |u 000010  |a 1  |e BOA001  |j MZK50  |s P